00965cam a2200265 a 450000100090000000300040000900500170001300800410003001000170007102000150008802000380010304000180014105000220015908200140018110000240019524500550021925000120027426000480028630000360033450000200037065000200039085601060041085600910051685600920060714185039OSt20210414114202.0051130s2007 ohua 001 0 eng  a 2005938055 a0324319169 a0324423489 (instructor's edition) aDLCcDLCdDLC00aHB172b.M346 200700a338.52221 aMankiw, N. Gregory.10aPrinciples of microeconomics /cN. Gregory Mankiw. a4th ed. aMason, OH :bThomson South-Western,cc2007. axxxii, 533 p. :bill. ;c26 cm. aIncludes index. 0aMicroeconomics.423Contributor biographical informationuhttp://www.loc.gov/catdir/enhancements/fy1104/2005938055-b.html423Publisher descriptionuhttp://www.loc.gov/catdir/enhancements/fy1104/2005938055-d.html413Table of contents onlyuhttp://www.loc.gov/catdir/enhancements/fy1104/2005938055-t.html